|
|
|
|
| LEADER |
01625nam a2200301 a 4500 |
| 001 |
0021074 |
| 003 |
BD-DhAAL |
| 008 |
100923r20081987ii g b 00 0 eng d |
| 020 |
|
|
|a 9788184501186
|
| 020 |
|
|
|a 8184501188
|
| 040 |
|
|
|a DKAGE
|b eng
|c DKAGE
|d OCLCQ
|d LGG
|d BD-DhAAL
|
| 082 |
0 |
4 |
|a 658.301
|2 22
|
| 100 |
1 |
|
|a Aggarwala, Dharma Vira.
|9 59213
|
| 245 |
1 |
0 |
|a Manpower :
|b planning, selection, training & development /
|c Dharma Vira Aggarwala.
|
| 246 |
1 |
7 |
|a Manpower :
|b planning, selection, training and development
|
| 260 |
|
|
|a New Delhi :
|b Deep & Deep Publications,
|c 2008.
|
| 300 |
|
|
|a xiv, 382 p. ;
|c 23 cm
|
| 500 |
|
|
|a Reprint. Originally published: 1987.
|
| 504 |
|
|
|a Includes bibliographical references (p. [373]-378) and index.
|
| 505 |
0 |
0 |
|a pt. 1. Manpower planning -- pt. 2. Manpower selection -- pt. 3. Manpower training and development.
|
| 526 |
|
|
|a BBS
|x Farhana Nur Malik,
Former Lecturer
Department of BRAC Business School
BRAC University
Course Name : Manpower Planning and Forecasting (MGT 425)
|
| 541 |
1 |
|
|e 0021074
|a Friends' Book Corner
|
| 650 |
|
0 |
|a Manpower planning.
|
| 650 |
|
0 |
|a Personnel management
|
| 852 |
4 |
|
|a Ayesha Abed Library
|c General Stacks
|
| 942 |
|
|
|2 ddc
|c BK
|
| 999 |
|
|
|c 9553
|d 9553
|
| 952 |
|
|
|0 0
|1 0
|2 ddc
|4 0
|6 658_301000000000000_AGG_2008
|7 0
|9 12073
|a BRACUL
|b BRACUL
|c GEN
|d 2010-09-23
|e Friends Book Corner
|g 1421.00
|l 10
|m 81
|o 658.301 AGG
|p 3010021074
|q 2026-06-02
|r 2026-02-23
|s 2026-02-23
|t 1
|v 2842.00
|w 2010-09-23
|y BK
|x Requisitioned by Farhana Nur Malik (Former Lecturer, Department of BRAC Business School, BRAC University) for the course named- "Manpower Planning and Forecasting (MGT 425)".
|